La tradición de la madera
Bewaard in:
| Hoofdauteur: | |
|---|---|
| Formaat: | Boek |
| Taal: | Spaans |
| Gepubliceerd in: |
Santiago
Universidad Católica de Chile
1995
|
| Editie: | 1a. ed |
| Onderwerpen: | |
| Tags: |
Voeg label toe
Geen labels, Wees de eerste die dit record labelt!
|
MARC
| LEADER | 00000cam a2200000 a 4500 | ||
|---|---|---|---|
| 001 | UCU3436 | ||
| 003 | CL-VaPUC | ||
| 008 | 960510e19950000CL |||||||||||||||||spa|d | ||
| 020 | |a 956140365X | ||
| 082 | 0 | 4 | |a 721.0448 |b GUA |2 21 |
| 100 | |a Guarda Geywitz, Gabriel |e autor |9 570466 | ||
| 245 | 1 | 3 | |a La tradición de la madera |
| 250 | |a 1a. ed | ||
| 300 | |a 333 p | ||
| 942 | |c BK | ||
| 945 | |d 19960510 00:00:00 |a rleighto | ||
| 260 | |a Santiago |b Universidad Católica de Chile |c 1995 | ||
| 650 | 0 | |a Arquitectura |9 804558 | |
| 650 | 0 | |a Iglesias |9 352850 | |
| 650 | 0 | |a Casas |9 348018 | |
| 650 | 0 | |a Ingeniería de la construcción |9 337989 | |
| 650 | 0 | |a Materiales de construcción |9 260197 | |
| 650 | 0 | |a Madera |9 262357 | |
| 650 | 0 | |a Diseño arquitectónico |9 265271 | |
| 651 | 0 | |a Chiloé |9 265209 | |
| 651 | 7 | |a LLANQUIHUE |2 CL-VaPUC |9 360377 | |
| 651 | 7 | |a CAUTIN |2 CL-VaPUC |9 360378 | |
| 651 | 0 | |a Valdivia (Chile) |9 268941 | |
| 651 | 7 | |a CHILE |2 CL-VaPUC |9 360379 | |
| 583 | |a last modification |c 20120621 02:41:14 |k Rodrigo Vera | ||
| 999 | |c 247449 |d 247447 | ||
| 952 | |0 0 |1 0 |4 0 |6 721_044800000000000_GUA_1995 |7 0 |8 A |9 263361 |a BIBARQ |b BIBARQ |d 2019-11-19 |i 3198898 |o 721.0448 GUA 1995 |p 3198898 |r 2025-01-20 |w 2019-11-19 |y BK |k ARQ | ||
| 952 | |0 0 |1 0 |4 0 |6 721_044800000000000_GUA_1995 |7 0 |8 A |9 263362 |a BIBARQ |b BIBARQ |d 2019-11-19 |i 358285K |o 721.0448 GUA 1995 |p 358285K |r 2025-01-20 |w 2019-11-19 |y BK |k ARQ | ||
| 952 | |0 0 |1 0 |4 0 |6 721_044800000000000_GUA_1995 |7 0 |8 A |9 263363 |a BIBARQ |b BIBARQ |d 2019-11-19 |i 4015207 |l 2 |o 721.0448 GUA 1995 |p 4015207 |r 2025-01-20 |s 2022-10-20 |w 2019-11-19 |y BK |k ARQ | ||
| 952 | |0 0 |1 0 |4 0 |6 721_044800000000000_GUA_1995 |7 0 |8 X |9 263364 |a FDOBUD |b FDOBUD |d 2019-11-19 |i 4834879 |o 721.0448 GUA 1995 |p 4834879 |r 2019-11-19 |w 2019-11-19 |y BK_X |k BUD | ||